| 000 | 00710nam a22001577a 4500 | ||
|---|---|---|---|
| 003 | OSt | ||
| 005 | 20150917163323.0 | ||
| 008 | 150917b xxu||||| |||| 00| 0 eng d | ||
| 040 | _cRUA | ||
| 082 | _aAGR THA 2005 B032 Or.1 | ||
| 100 |
_9706 _aTHAI VUTHY |
||
| 245 | _aBiological trait of camelina sativa on irrigation at chomkarleu district, kampong cham province,(លក្ខណៈជីវសាស្រ្តដំណាំកាមេលីណាសាទីរ៉ាក្នុងលខ័ណ្ឌស្រោចស្រព នៅស្រុុកចំការលើខេត្តកំពង់ចាម) | ||
| 260 |
_aphnom penh _bRUA _c2005 |
||
| 300 |
_axii,39p. _cill. _g29cm. |
||
| 942 |
_2ddc _cAGR |
||
| 999 |
_c680 _d680 |
||